Schutzvereine in Ostmitteleuropa Vereinswesen, Sprachenkonflikte und Dynamiken nationaler Mobilisierung 1860-1939

Bibliographic Details
Other Authors: Haslinger, Peter, 1964- (Editor), Mannová, Elena, 1951-, Letz, Róbert, 1967-
Format: Book
Language:German
English
Published: Marburg Herder-Institut 2009
Series:Tagungen zur Ostmitteleuropa-Forschung
Subjects:

MARC

LEADER 00000nam a2200000 a 4500
001 vtls010096444
003 SK-MaSNL
005 20260301212909.0
008 251029s2009 gw ab 000 0 ger
015 |a SNBZSA2011-00447 
020 |a 9783879693450  |q (brož.) 
035 |a 5E5E8E1F-A490-48EF-B222-201DA379A87C 
035 |a urn:nbn:sk:snk-amlddd 
035 |a urn:nbn:sk:snk-am0090sw 
040 |a SNK  |b slo  |c SNK  |e AACR2 
041 0 |a ger  |a eng 
043 |a et----- 
044 |a gw  |c DE 
072 7 |a 94(430/439)  |x Dejiny krajín strednej Európy  |2 konspekt 
080 |a 94(4-191.2)  |x "1860/1939"  |x (082)  |2 2001 
245 0 0 |a Schutzvereine in Ostmitteleuropa  |b Vereinswesen, Sprachenkonflikte und Dynamiken nationaler Mobilisierung 1860-1939  |c herausgegeben von Peter Haslinger 
260 |a Marburg  |b Herder-Institut  |c 2009 
300 |a vi, 274 s.  |b ilustr., mp.  |c 24 cm 
490 1 |a Tagungen zur Ostmitteleuropa-Forschung  |v 25 
500 |a Obsahuje aj: Schutzvereine, Behörden und Lokalpresse - ihr Einfluss auf das interethnische Klima in der Südslowakei 1920-1938 / Elena Mannová ; Die Slovenská liga als slowakischer Schutzverein / Róbert Letz 
546 |a Text čiast. angl. 
648 7 |a 1860-1939  |2 SNK  |9 599096 
650 0 7 |a spolková činnosť  |2 snkph  |9 583446 
650 0 7 |a národná identita  |2 snkph  |9 1665 
650 0 7 |a kultúrna identita  |2 snkph  |9 1668 
651 7 |a Európa stredná  |x dejiny  |2 SNKPHgeo  |9 23759 
655 7 |a zborníky  |2 2001  |9 70165 
700 1 |a Haslinger, Peter,  |d 1964-  |4 edt  |9 320123 
700 1 |a Mannová, Elena,  |d 1951-  |t Schutzvereine, Behörden und Lokalpresse - ihr Einfluss auf das interethnische Klima in der Südslowakei 1920-1938  |9 599097 
700 1 |a Letz, Róbert,  |d 1967-  |t Die Slovenská liga als slowakischer Schutzverein  |9 599098 
830 0 |a Tagungen zur Ostmitteleuropa-Forschung  |9 314573 
919 |a 978-3-87969-345-0 
958 |a ZS 
958 |a OND 
999 |c 919621  |d 921551 
952 |a SNK  |b SNK  |y PREZ  |7 0  |p 17A0663620  |o snkSC 140835  |i snk2010/12823  |8 2  |g 39.00  |0 0  |1 0  |4 0  |d 2010-05-18  |f 1  |l 0  |r 2025-07-09 00:00:00  |w 2026-02-24